00539nam a2200133 a 450000100100000000500170001000800410002704000250006808200160009324500760010926000760018530000290026150001150029000003247920200930065648.0110718s1937 dr c 000 0 spa d aDO-SdBNPbspacBNPHU axxxxbH765m00aHomenaje a la matrona excelsa doña Julia Molina Vda. Trujillo Valdez. aCiudad Trujillo, República Dominicana :bTipografía Cambier,c1937. a25 p. :bretr. ;c23 cm. aConferencia por radio pronunciada por el licenciado Arturo Logroño el día de las madres 26 de mayo de 1928